Paragon Mortgages buy-to-let index (Record no. 78231)

MARC details
000 -LEADER
fixed length control field 01832cab a2200241 4500
001 - CONTROL NUMBER
control field L136284
008 - FIXED-LENGTH DATA ELEMENTS--GENERAL INFORMATION
fixed length control field 070123n2006 000 0 eng u
035 ## - SYSTEM CONTROL NUMBER
System control number (Sirsi) u136284
041 0# - LANGUAGE CODE
Language code of text/sound track or separate title eng
050 ## - LIBRARY OF CONGRESS CALL NUMBER
Classification number 332.6324 $2 18
050 04 - LIBRARY OF CONGRESS CALL NUMBER
Classification number 332.6324 $2 18
110 2# - MAIN ENTRY--CORPORATE NAME
Corporate name or jurisdiction name as entry element Paragon Mortgages
9 (RLIN) 4976
245 00 - TITLE STATEMENT
Title Paragon Mortgages buy-to-let index
Remainder of title October 2006
Medium [electronic resource]
260 ## - PUBLICATION, DISTRIBUTION, ETC.
Place of publication, distribution, etc. Solihull
Name of publisher, distributor, etc. Paragon Mortgages
Date of publication, distribution, etc. 2006
490 00 - SERIES STATEMENT
Series statement Paragon Mortgages Buy-to-Let Index
-- vOctober 2006
505 1# - FORMATTED CONTENTS NOTE
Formatted contents note Highlights -- Rental yield average for England and Wales -- Property value and rental income average for England and Wales -- Landlord property value, rental value, yield and percentage change by region -- Landlord property yields by region -- Landlord property values by region -- Landlord rental incomes by region -- Landlord property value, rental value, yield and percentage change by property type
520 ## - SUMMARY, ETC.
Summary, etc. Yields remained stable in October for the fifth successive month at just over 6% and were highest in Wales (6.4%), the East Midlands (6.43%), the South West (6.36%) and the North West (6.28%). Average property values fell from £171 352 in August to £166 417 in September. Rental incomes eased as property values declined slightly, but remain above the £10 000 mark. Over the past year, rents have risen significantly in the North, East Midlands and South East. Total returns were highest in the North (27.50%) and South East (18.95%) and East Midlands (18.28%). Tables and Graphs.
650 24 - SUBJECT ADDED ENTRY--TOPICAL TERM
Topical term or geographic name entry element PARAGON MORTGAGES BUY-TO-LET INDEX
651 #4 - SUBJECT ADDED ENTRY--GEOGRAPHIC NAME
Geographic name England and Wales
Chronological subdivision 1543-
690 ## - LOCAL SUBJECT ADDED ENTRY--TOPICAL TERM (OCLC, RLIN)
Topical term or geographic name as entry element PROPERTY-RESIDENTIAL PROPERTY-RESIDENTIAL PROPERTY MARKET
856 ## - ELECTRONIC LOCATION AND ACCESS
Uniform Resource Identifier <a href="https://www.paragon-mortgages.co.uk/mortgagehome.nsf/BTLIndex">https://www.paragon-mortgages.co.uk/mortgagehome.nsf/BTLIndex</a>
Public note View the index free of charge at www.paragon-mortgages.co.uk...
942 ## - ADDED ENTRY ELEMENTS (KOHA)
Suppress in OPAC 0
Holdings
Withdrawn status Lost status Source of classification or shelving scheme Damaged status Not for loan Home library Current library Shelving location Date acquired Total Checkouts Full call number Barcode Date last seen Copy number Price effective from Koha item type
    Dewey Decimal Classification     Virtual Virtual Online 23/01/2007   ONLINE PUBLICATION 136284-1001 06/08/2019 1 06/08/2019 Journal article